| 000 | 01440nam0a2200349 i 4500 | ||
|---|---|---|---|
| 001 | RU\NLR\BIBL_A\010843820 | ||
| 005 | 20240921134247.0 | ||
| 010 |
_a9785985973006 _9500 |
||
| 021 |
_aRU _b15-58681 |
||
| 035 | _a(NILC)RuMoRGB-007990932 | ||
| 035 | _a(NLR Aleph) 010843820 | ||
| 090 |
_a10339677 _c10339677 |
||
| 100 | _a20150917d2014 k y0rusy50 ca | ||
| 101 | 0 | _arus | |
| 102 | _aRU | ||
| 105 | _aa|||z|||000yy | ||
| 200 | 1 |
_aОбразовательные услуги негосударственных вузов в современной России _eмонография _fС. В. Коплик |
|
| 210 |
_aМосква _cПроспект _d2014 |
||
| 215 |
_a151 с. _cил., цв. ил. _d21 |
||
| 320 | _aБиблиогр.: с. 120-135 и в подстроч. примеч. | ||
| 606 | 1 |
_aНегосударственное высшее образование _yРоссийская Федерация _92208181 _3RU\NLR\AUTH\661326612 |
|
| 606 | 1 |
_aОбразовательные услуги _xВысшая школа _92232151 _3RU\NLR\AUTH\6601572075 |
|
| 610 | 0 | _aнегосударственные вузы | |
| 675 | _a378 | ||
| 686 | 1 | _aЧ484(2Р) | |
| 700 | 1 |
_aКоплик _bС. В. _gСветлана Викторовна |
|
| 801 | 0 |
_aRU _bРГБ _c20150804 _gRCR |
|
| 801 | 1 |
_aRU _bРГБ _c20150804 _2rusmarc |
|
| 942 | _cBOOK | ||
| 980 | _aNBR | ||